International focus on Germany (Record no. 114294)

MARC details
000 -LEADER
fixed length control field 00916cad a22002175a 4500
001 - CONTROL NUMBER
control field L156573
008 - FIXED-LENGTH DATA ELEMENTS--GENERAL INFORMATION
fixed length control field 120611s2012 xxk 000 0 eng d
035 ## - SYSTEM CONTROL NUMBER
System control number (Sirsi) u156573
041 0# - LANGUAGE CODE
Language code of text/sound track or separate title eng
110 2# - MAIN ENTRY--CORPORATE NAME
Corporate name or jurisdiction name as entry element EC Harris
9 (RLIN) 4930
245 00 - TITLE STATEMENT
Title International focus on Germany
Remainder of title construction market to slow but Germany remains an attractive investment market
Medium [electronic resource]
260 ## - PUBLICATION, DISTRIBUTION, ETC.
Place of publication, distribution, etc. [S.l.]
Name of publisher, distributor, etc. ECHarris
Date of publication, distribution, etc. 2012
490 #0 - SERIES STATEMENT
Series statement EC Harris Research
Volume/sequential designation Summer 2012
520 ## - SUMMARY, ETC.
Summary, etc. This snapshot look at the construction industry in Germany covers the property sector, construction workload, employment and construction prices.
590 ## - LOCAL NOTE (RLIN)
Local note KA NTK
651 #4 - SUBJECT ADDED ENTRY--GEOGRAPHIC NAME
Geographic name Germany
690 ## - LOCAL SUBJECT ADDED ENTRY--TOPICAL TERM (OCLC, RLIN)
Topical term or geographic name as entry element Construction management
9 (RLIN) 6230
690 ## - LOCAL SUBJECT ADDED ENTRY--TOPICAL TERM (OCLC, RLIN)
Topical term or geographic name as entry element Commercial property
9 (RLIN) 6227
856 40 - ELECTRONIC LOCATION AND ACCESS
Uniform Resource Identifier <a href="https://www.echarris.com/pdf/8235_International%20Focus%20on%20Germany%20FINAL.pdf">https://www.echarris.com/pdf/8235_International%20Focus%20on%20Germany%20FINAL.pdf</a>
Public note View the item free of charge at www.echarris.com
942 ## - ADDED ENTRY ELEMENTS (KOHA)
Suppress in OPAC 0
Holdings
Withdrawn status Lost status Source of classification or shelving scheme Damaged status Not for loan Home library Current library Shelving location Date acquired Total Checkouts Full call number Barcode Date last seen Copy number Price effective from Koha item type
    Dewey Decimal Classification     Virtual Virtual Online 11/06/2012   ONLINE PUBLICATION 156573-2001 06/08/2019 1 06/08/2019 Book